| 000 | 00561nam a2200229Ia 4500 | ||
|---|---|---|---|
| 003 | OSt | ||
| 005 | 20220928150107.0 | ||
| 006 | a|||||r|||| 00| 0 | ||
| 007 | ta | ||
| 008 | 220927b |||||||| |||| 00| 0 eng d | ||
| 024 | _a87516 | ||
| 037 | _cTextual | ||
| 040 |
_aSDCL _cSDCL _beng |
||
| 041 |
_2eng _aeng |
||
| 082 | _aWv5'N3, K1;L3 | ||
| 100 |
_aSabine George H _9515192 |
||
| 245 | 0 | _aHistory of political theory | |
| 250 | _a4 | ||
| 260 | _c1973 | ||
| 942 |
_hWv5'N3, K1;L3 _cTEXL _2CC |
||
| 999 |
_c839507 _d839507 |
||